| 000 | 00375 a2200121 4500 | ||
|---|---|---|---|
| 001 | ART_13899 | ||
| 005 | 20260410161911.0 | ||
| 008 | 260409a | ||
| 245 | 1 | 0 | _aPricing, distribution and the supply of storage |
| 100 | 1 | _aThisse, Jacques-Francois | |
| 700 | 1 | _aPhlips, Louis | |
| 773 | 0 |
_tEuropean economic review _g- Vol. 15, NÂș 2 (feb. 1981) _wREV13346 |
|
| 999 |
_c26866 _d26866 |
||